Estadísticas para Asia por Fronteras en 30 Segundos

Haz click aquí para tomar la prueba!

Estadísticas generales

  • Esta prueba ha sido tomada 16.610 veces
  • La puntuación promedio es 34 de 48

Respuestas en el mapa

Las respuestas están codificadas por una escala verde-roja en el mapa de la prueba según el % correcto abajo.
Cargando...
 

Estadísticas de respuestas

País% Correcto
China
98%
India
97%
Pakistán
97%
Myanmar
96%
Afganistán
95%
Bután
95%
Kazajistán
94%
Kirguistán
94%
Laos
93%
Mongolia
93%
Arabia Saudita
91%
Tayikistán
91%
Vietnam
91%
Irak
90%
Irán
90%
Corea del Norte
89%
Omán
88%
Turquía
88%
Jordania
86%
Yemen
86%
Armenia
84%
Azerbaiyán
84%
Emiratos Árabes
Unidos
82%
Kuwait
80%
Malasia
80%
Turkmenistán
80%
Siria
78%
Catar
75%
Indonesia
71%
Nepal
71%
Timor Oriental
71%
Tailandia
70%
Japón
65%
Camboya
62%
Georgia
59%
Uzbekistán
58%
Bangladés
56%
Israel
55%
Líbano
52%
Sri Lanka
51%
Corea del Sur
43%
Filipinas
37%
Brunéi
32%
Chipre
23%
Taiwán
17%
Baréin
14%
Singapur
14%
Maldivas
8%

Distribución de puntuación

Porcentaje por número respondido

Porcentaje de gente con cada puntuación

Historial de tus puntuaciones

No has tomado esta prueba